OECD Economic Surveys: Argentina 2017 Multi-dimensional Economic Survey : July 2017
Enregistré dans:
| Format: | Livre |
|---|---|
| Langue: | anglais |
| Publié: |
Paris
OECD
2017
|
| Collection: | OECD Economic Surveys
|
| Sujets: | |
| Tags: |
Pas de tags, Soyez le premier à ajouter un tag!
|
MARC
| LEADER | 00000nam a2200000 4500 | ||
|---|---|---|---|
| 001 | 0241137 | ||
| 005 | 20240314123248.1 | ||
| 020 | |a 978-92-64-27804-2 | ||
| 022 | |a 1995-3127 | ||
| 041 | 0 | |a eng | |
| 044 | |a FR | ||
| 245 | 1 | 0 | |a OECD Economic Surveys: Argentina 2017 |b Multi-dimensional Economic Survey : July 2017 |
| 264 | 1 | |a Paris |b OECD |c 2017 | |
| 300 | |a 140 s. | ||
| 490 | 1 | |a OECD Economic Surveys | |
| 830 | 0 | |a OECD Economic Surveys | |
| 610 | 2 | 0 | |a situácia hospodárska |
| 610 | 2 | 0 | |a reformy štruktúrne |
| 610 | 2 | 0 | |a rozvoj trvalo udržateľný |
| 610 | 2 | 0 | |a reformy sociálne |
| 610 | 2 | 0 | |a produktivita |
| 610 | 2 | 0 | |a investície |
| 610 | 2 | 0 | |a blahobyt |
| 610 | 2 | 0 | |a trh práce |
| 610 | 2 | 0 | |a dane |
| 610 | 2 | 0 | |a obchod medzinárodný |
| 610 | 2 | 0 | |a investície priame zahraničné |
| 610 | 2 | 0 | |a infraštruktúra |
| 610 | 2 | 0 | |a vzdelávanie |
| 610 | 2 | 0 | |a rozdiely regionálne |
| 610 | 2 | 0 | |a chudoba |
| 610 | 2 | 0 | |a zručnosti |
| 610 | 2 | 0 | |a Argentína |